000 00994nam a22002537a 4500
005 20080930140746.0
008 080930t xxu||||| |||| 00| 0 eng d
010 _aENG-91102
020 _a9788184500813
_c3600.00
035 _aEN-74635
037 _bDBAD / PUB
040 _adpl
_bEnglish
082 _a330.030954
245 _aEncyclopaedia of Indian economy:
_bessay in Honour of Dr. Ram Bihari Singh /
_cedited by P.N.Singh, J.K. Singh [and] Kumar Ratnesh; foreword by Jagannath Mishra
260 _aNew Delhi
_bDeep & Deep Publications
_c2008
300 _axxviii, 885p.
_c25 cm (Hb)
500 _aIncludes index
651 _aIndia
_xEconomic conditions
700 _aSingh, P.N.
700 _aSingh, J.K.
700 _aRatnesh Kumar
942 _2ddc
_cEN
_mENC
_h330.030954
999 _c16043
_d16043